01002nam a22002177a 4500003000400000005001700004008004100021020003900062020003400101020003500135040002500170082001600195245015600211260006300367300005400430500007200484650007400556650005100630650004900681651005400730OSt20210322154702.0210322b ||||| |||| 00| 0 spa d a9789210047432 (versión impresa) a9789210047432 (versión pdf) a9789213582930 (versión epub) aDO-SdBNPbspacBNPHU 4a330.98bE8200aEstudio económico de América Latina y el Caribe :bprincipales condicionantes de las politicas fiscal y monetaria en la era pospandemia de covid-19 aSantiago, República Dominicana :bNaciones Unidas,c2020 a206 p. :bil. cuadros, gráficos, tablas,c28 cm aIncluye referencias bibliográficas y notas al pie de las paginas  4aCOVID-19 (Enfermedad)zAmérica LatinaxAspectos económicosy2020- 4aPolítica monetariazAmérica Latina y2020- 4aPolítica fiscal zAmérica Latinay2020- 4aAmérica LatinaxCondiciones económicasy2020-